| 000 | 00000nas 2200000zi 4500 |
| 001 | 9.882932 |
| 003 | CaOODSP |
| 005 | 20221107170428 |
| 006 | m o d f |
| 007 | cr ||||||||||| |
| 008 | 191216d19871987onc x m o f0###b0fre|d |
| 022 | |y0712-0737 |
| 040 | |aCaOODSP|bfre|erda|cCaOODSP |
| 043 | |an-cn--- |
| 086 | 1 |aEn73-1F-PDF |
| 130 | 0 |aSérie de l'utilisation des terres au Canada. |
| 245 | 10|aSérie de l’utilisation des terres au Canada / |cDirection générale des terres, Environnement Canada. |
| 264 | 1|aOttawa : |bDirection générale des terres, Environnement Canada |
| 310 | |aIrregulier |
| 336 | |atexte|btxt|2rdacontent/fre |
| 337 | |ainformatique|bc|2rdamedia/fre |
| 338 | |aressource en ligne|bcr|2rdacarrier/fre |
| 500 | |aPublié aussi en anglais sous le titre : Land use in Canada series. |
| 500 | |aÉdition numérisée de l’imprimé [par Environnement et Changement climatique Canada]. |
| 588 | |aDescription d'après : no. 28. |
| 650 | 6|aUtilisation du sol|zCanada. |
| 650 | 6|aUtilisation du sol|zCanada|xPlanification. |
| 710 | 1 |aCanada. |bEnvironnement Canada. |
| 710 | 1 |aCanada. |bDirection générale des terres. |
| 775 | 08|tLand use in Canada series / |w(CaOODSP)9.882921 |